Transactions on Large-Scale Data- and Knowledge-Centered Systems V

The LNCS journal Transactions on Large-Scale Data- and Knowledge-Centered Systems focuses on data management, knowledge discovery, and knowledge processing, which are core and hot topics in computer science. Since the 1990s, the Internet has become the main driving force behind application developme...

Full description

Bibliographic Details
Corporate Author: SpringerLink (Online service)
Other Authors: Hameurlain, Abdelkader (Editor), Küng, Josef (Editor), Wagner, Roland (Editor)
Format: Electronic eBook
Language:English
Published: Berlin, Heidelberg : Springer Berlin Heidelberg : Imprint: Springer, 2012.
Series:Lecture Notes in Computer Science, 7100
Subjects:
Online Access:Full Text via HEAL-Link
LEADER 03289nam a22005655i 4500
001 978-3-642-28148-8
003 DE-He213
005 20170112030315.0
007 cr nn 008mamaa
008 120210s2012 gw | s |||| 0|eng d
020 |a 9783642281488  |9 978-3-642-28148-8 
024 7 |a 10.1007/978-3-642-28148-8  |2 doi 
040 |d GrThAP 
050 4 |a QA76.9.D3 
072 7 |a UN  |2 bicssc 
072 7 |a UMT  |2 bicssc 
072 7 |a COM021000  |2 bisacsh 
082 0 4 |a 005.74  |2 23 
245 1 0 |a Transactions on Large-Scale Data- and Knowledge-Centered Systems V  |h [electronic resource] /  |c edited by Abdelkader Hameurlain, Josef Küng, Roland Wagner. 
264 1 |a Berlin, Heidelberg :  |b Springer Berlin Heidelberg :  |b Imprint: Springer,  |c 2012. 
300 |a IX, 223 p.  |b online resource. 
336 |a text  |b txt  |2 rdacontent 
337 |a computer  |b c  |2 rdamedia 
338 |a online resource  |b cr  |2 rdacarrier 
347 |a text file  |b PDF  |2 rda 
490 1 |a Lecture Notes in Computer Science,  |x 0302-9743 ;  |v 7100 
520 |a The LNCS journal Transactions on Large-Scale Data- and Knowledge-Centered Systems focuses on data management, knowledge discovery, and knowledge processing, which are core and hot topics in computer science. Since the 1990s, the Internet has become the main driving force behind application development in all domains. An increase in the demand for resource sharing across different sites connected through networks has led to an evolution of data- and knowledge-management systems from centralized systems to decentralized systems enabling large-scale distributed applications providing high scalability. Current decentralized systems still focus on data and knowledge as their main resource. Feasibility of these systems relies basically on P2P (peer-to-peer) techniques and the support of agent systems with scaling and decentralized control. Synergy between Grids, P2P systems, and agent technologies is the key to data- and knowledge-centered systems in large-scale environments. This, the fifth issue of Transactions on Large-Scale Data- and Knowledge-Centered Systems, contains nine selected full-length papers, focusing on the topics of query processing, information extraction, management of dataspaces and contents, and mobile applications. 
650 0 |a Computer science. 
650 0 |a Data structures (Computer science). 
650 0 |a Database management. 
650 0 |a Data mining. 
650 0 |a Information storage and retrieval. 
650 1 4 |a Computer Science. 
650 2 4 |a Database Management. 
650 2 4 |a Data Mining and Knowledge Discovery. 
650 2 4 |a Information Storage and Retrieval. 
650 2 4 |a Information Systems Applications (incl. Internet). 
650 2 4 |a Data Structures. 
650 2 4 |a Data Storage Representation. 
700 1 |a Hameurlain, Abdelkader.  |e editor. 
700 1 |a Küng, Josef.  |e editor. 
700 1 |a Wagner, Roland.  |e editor. 
710 2 |a SpringerLink (Online service) 
773 0 |t Springer eBooks 
776 0 8 |i Printed edition:  |z 9783642281471 
830 0 |a Lecture Notes in Computer Science,  |x 0302-9743 ;  |v 7100 
856 4 0 |u http://dx.doi.org/10.1007/978-3-642-28148-8  |z Full Text via HEAL-Link 
912 |a ZDB-2-SCS 
912 |a ZDB-2-LNC 
950 |a Computer Science (Springer-11645)